Estoppel (Record no. 68194)

MARC details
000 -LEADER
fixed length control field 01288cam a2200229 4500
001 - CONTROL NUMBER
control field ABS64411
008 - FIXED-LENGTH DATA ELEMENTS--GENERAL INFORMATION
fixed length control field 010907n2001 000 0 eng u
035 ## - SYSTEM CONTROL NUMBER
System control number (Sirsi) u114475
100 ## - MAIN ENTRY--PERSONAL NAME
Personal name Brewer, G
245 ## - TITLE STATEMENT
Title Estoppel
260 ## - PUBLICATION, DISTRIBUTION, ETC.
Date of publication, distribution, etc. 2001
490 ## - SERIES STATEMENT
Series statement Contract Journal
Volume/sequential designation 410(6342) 30 August 2001, 20(1)
520 ## - SUMMARY, ETC.
Summary, etc. Considers the case "Lewisham LBC v Shephard Hill Engineering", TCC, 30 July 2001, which considered the issue of whether representations not to deduct delay damages may amount to an estoppel against the employer's contractual rights. In arbitration it had been decided that Shephard Hill had completed sections of the works late but would not have to pay delay damages because Lewisham had promised not to deduct delay damages and could not change its mind later; hence the application to overturn the arbitrator's decision was refused. The implication is that an estoppel will occur where one party represents that it does not intend to enforce its legal rights and the other party acts in reliance upon this representation.
590 ## - LOCAL NOTE (RLIN)
Local note ABS
650 ## - SUBJECT ADDED ENTRY--TOPICAL TERM
Topical term or geographic name entry element ESTOPPEL
650 ## - SUBJECT ADDED ENTRY--TOPICAL TERM
Topical term or geographic name entry element DELAY DAMAGES
650 ## - SUBJECT ADDED ENTRY--TOPICAL TERM
Topical term or geographic name entry element LEGAL RIGHTS
650 ## - SUBJECT ADDED ENTRY--TOPICAL TERM
Topical term or geographic name entry element HUGHES V METROPOLITAN RAILWAY
650 ## - SUBJECT ADDED ENTRY--TOPICAL TERM
Topical term or geographic name entry element LEWISHAM LBC V SHEPHARD HILL ENGINEERING
690 ## - LOCAL SUBJECT ADDED ENTRY--TOPICAL TERM (OCLC, RLIN)
Topical term or geographic name as entry element LAW-UK
942 ## - ADDED ENTRY ELEMENTS (KOHA)
Suppress in OPAC 0
Holdings
Withdrawn status Lost status Source of classification or shelving scheme Damaged status Not for loan Home library Current library Shelving location Date acquired Total Checkouts Full call number Barcode Date last seen Copy number Price effective from Koha item type
    Dewey Decimal Classification     London London Journal article 07/09/2001   ABS64411 114475-1001 06/08/2019 1 06/08/2019 Journal article